[Event "chess.com Speed Q2KO Win"]
[Site "chess.com INT"]
[Date "2023.08.24"]
[Round "3.1"]
[White "Sarana, A."]
[Black "Andreikin, D."]
[Result "1-0"]
[WhiteElo "2685"]
[BlackElo "2729"]
[PlyCount "63"]
[EventDate "2023.08.24"]
[EventType "k.o."]

1. d4 Nf6 2. c4 e6 3. Nc3 d5 4. cxd5 exd5 5. Bf4 c6 6. e3 Bd6 7. Bxd6 Qxd6 8. Bd3 Bg4 9. Qb3 Qe7 ({RR} 9... Qc7 10. Rc1 Qb6 11. Qa3 a5 12. Nf3 Qb4 13. Ne5 Be6 14. Qb3 Qxb3 15. axb3 Nbd7 16. Nf3 Ke7 17. h3 Rhc8 18. Kd2 g6 19. Rc2 Ne8 20. Rhc1 Nd6 21. Ke1 Rd8 22. Ra1 Bf5 23. Bxf5 Nxf5 24. Rcc1 {Ashraf,A (2470)-Bhavesh,M (2047) chess.com INT 2026 0-1 (72)}) 10. h3 Bh5 11. Nge2 Bg6 12. Nf4 $146 ({RR} 12. Bxg6 hxg6 13. O-O-O Na6 14. Ng3 Qb4 15. Qxb4 Nxb4 16. a3 Na6 17. f3 Kd7 18. e4 Nc7 19. e5 Nh5 20. Nxh5 gxh5 21. g3 h4 22. g4 Ne6 23. Ne2 g5 24. f4 gxf4 25. Rhf1 Ke7 26. Nxf4 Ng5 {Haitin,I (2249)-Sakun,V (2301) chess.com INT 2024 0-1 (62)}) 12... O-O 13. O-O a5 14. Rfe1 Qb4 15. Bxg6 hxg6 16. Nd3 Qe7 17. Na4 Na6 18. Qb6 Nb4 19. Nxb4 Qxb4 20. Qxb4 axb4 21. Nc5 Ne4 22. Nd3 Ra4 23. b3 Ra3 24. Nxb4 Nc3 25. Nc2 Rxa2 26. Rxa2 Nxa2 27. Ra1 Nc3 28. Nb4 Ne4 29. Nd3 Rb8 30. f3 Nd6 31. Nc5 Kf8 32. Nd7+ 1-0

[Event "Julius Baer Gen Cup D1 W"]
[Site "chess.com INT"]
[Date "2024.09.28"]
[Round "2.1"]
[White "Firouzja, Alireza"]
[Black "Grischuk, A."]
[Result "1-0"]
[WhiteElo "2767"]
[BlackElo "2689"]
[PlyCount "89"]
[EventDate "2024.09.27"]
[EventType "k.o."]

1. d4 d5 2. c4 e6 3. Nc3 Be7 4. cxd5 exd5 5. Bf4 Nf6 6. e3 Bf5 7. Nge2 O-O 8. Ng3 Be6 9. Bd3 c5 10. dxc5 Bxc5 11. a3 $146 ({RR} 11. O-O Nc6 12. Rc1 a6 13. Bg5 h6 14. Bxf6 Qxf6 15. Nxd5 Bxd5 16. Rxc5 Bxa2 17. Nh5 Qh4 18. Qf3 Be6 19. Nf4 Rfe8 20. h3 Qf6 21. Qg3 Qe7 22. Rh5 f6 23. Qg6 Kf8 24. Qh7 Bg8 25. Qh8 Ne5 {Petursson,M (2550)-Dutreeuw,M (2405) Brocco 1990 1-0}) ({RR} 11. O-O Nc6 12. a3 d4 13. Na4 Be7 14. e4 Nd7 15. Nf5 Nde5 16. Nxe7+ Qxe7 17. Rc1 Rad8 18. Re1 b6 19. b4 Qf6 20. Bg3 Nxd3 21. Qxd3 Ne5 22. Bxe5 Qxe5 23. Nb2 Rc8 24. Rcd1 Rfd8 25. g3 Qf6 {Nakamura,H (2780)-Topalov,V (2749) Saint Louis 2017 0-1 (55)}) ({RR} 11. O-O Nc6 12. Rc1 d4 13. Nce4 Nxe4 14. Bxe4 Bb6 15. exd4 Qxd4 16. Qh5 g6 17. Qf3 Ne5 18. Qc3 Qxc3 19. Rxc3 Bd4 20. Rc2 Nc6 21. Rd2 Bg7 22. b3 a5 23. Bd5 Bxd5 24. Rxd5 a4 25. Rb5 axb3 {Vershinin,I (2325)-Keinanen,T (2495) chess.com INT 2026 ½-½ (152)}) ({RR} 11. O-O Nc6 12. Rc1 Bd6 13. Bxd6 Qxd6 14. Nb5 Qe5 15. Qd2 Rad8 16. Nd4 Nxd4 17. exd4 Qd6 18. f3 h6 19. Kh1 Rfe8 20. Ne2 Bd7 21. g4 Nh7 22. Nf4 Ng5 23. Kg2 Re7 24. h4 Ne6 25. Ne2 Rde8 {Sadhwani,R (2666)-Grischuk,A (2687) chess.com INT 2025 0-1 (33)}) 11... Nc6 12. b4 Bd6 13. Bxd6 Qxd6 14. O-O Rad8 15. Nb5 Qe5 16. Rc1 a6 17. Nd4 Nxd4 18. exd4 Qf4 19. Ne2 Qg5 20. Rc7 Rd7 21. Qc1 h6 22. Qxg5 hxg5 23. Rfc1 Rxc7 24. Rxc7 Rb8 25. f4 g4 26. Kf2 g6 27. a4 Kf8 28. a5 Ne8 29. Rc5 Ke7 30. Nc3 Nf6 31. Na4 Bf5 32. Bxf5 gxf5 33. Rc7+ Kd6 34. Rxf7 Ne4+ 35. Kg1 Ke6 36. Rh7 Kd6 37. Rh6+ Kc7 38. Nb6 Nc3 39. Re6 Rd8 40. Re5 Kc6 41. Kf2 Ne4+ 42. Ke3 Rh8 43. Rxf5 Rxh2 44. Rxd5 Nd6 45. Rc5# 1-0

[Event "1st 3-0 Thu 29th Jan 2026"]
[Site "chess.com INT"]
[Date "2026.01.29"]
[Round "8"]
[White "Sarana, A."]
[Black "Bacrot, E."]
[Result "1-0"]
[WhiteElo "2686"]
[BlackElo "2631"]
[PlyCount "81"]
[EventDate "2026.01.29"]

1. d4 d5 2. c4 e6 3. Nc3 a6 4. cxd5 exd5 5. Nf3 c6 6. Bf4 Bd6 7. Bxd6 Qxd6 8. e3 Ne7 9. Bd3 Bf5 10. Qb3 Bxd3 11. Qxb7 O-O 12. Qxa8 Qc7 13. Ne5 Nd7 $146 ({RR} 13... Nc8 14. Nxd5 cxd5 15. Qxd5 Bb5 16. Qc5 Qa5+ 17. Qc3 Qa4 18. a3 Nc6 19. b3 Qa5 20. Qxa5 Nxa5 21. a4 Be8 22. b4 Nb7 23. O-O f6 24. Nd3 Nb6 25. Rfc1 Nxa4 26. Rc7 Nd6 27. Nc5 Nb5 28. Rc8 {Sarana,A (2688)-Yeletsky,I (2504) chess.com INT 2023 1-0 (41)}) ({RR} 13... Nc8 14. Nxd5 cxd5 15. Qxd5 Bb5 16. Qc5 Qa5+ 17. Qc3 Qa4 18. a3 Nc6 19. b3 Qa5 20. Qxa5 Nxa5 21. a4 Be8 22. b4 Nb7 23. O-O f6 24. Nd3 Nb6 25. Rfc1 Nxa4 26. Rc7 Nd6 27. Nc5 Nb5 28. Rc8 {Sarana,A (2688)-Yeletsky,I (2504) chess.com INT 2023 1-0 (41)}) 14. Qxf8+ Kxf8 15. Nxd3 Nf5 16. O-O a5 17. Rac1 Nd6 18. Nxd5 Qb7 19. Nc3 Nc4 20. Rc2 Nf6 21. b3 Na3 22. Rcc1 g6 23. Rfd1 h5 24. h3 Kg7 25. Ne5 Nb5 26. Na4 Na7 27. Rc5 Ne4 28. Rxa5 Nb5 29. Rc1 Qe7 30. Nc5 Nbc3 31. Rc2 f6 32. Nxe4 Nxe4 33. Nxc6 Qd6 34. Ra7+ Kh6 35. Ne7 h4 36. Rc4 Qb6 37. Ng8+ Kg5 38. f4+ Kf5 39. Ne7+ Ke6 40. Rc6+ Qxc6 41. Nxc6 1-0

[Event "SpeedChess Final 2024"]
[Site "Paris FRA"]
[Date "2024.09.07"]
[Round "2.30"]
[White "Niemann, Hans Moke"]
[Black "Nakamura, Hi"]
[Result "1-0"]
[WhiteElo "2733"]
[BlackElo "2802"]
[PlyCount "199"]
[EventDate "2024.09.06"]
[EventType "k.o."]

1. c4 e6 2. Nc3 d5 3. cxd5 exd5 4. d4 a6 5. Bf4 c6 6. e3 Bd6 7. Bg3 Ne7 8. Bd3 Bf5 9. Nf3 Bxd3 10. Qxd3 O-O 11. O-O Bxg3 12. hxg3 Nd7 13. b4 $146 ({RR} 13. Rfc1 a5 14. Na4 g6 15. a3 Ra6 16. Nd2 Nf5 17. Nb3 Nd6 18. Nbc5 Nxc5 19. Nxc5 Ra8 20. b3 Qe7 21. b4 axb4 22. axb4 Kg7 23. Qc3 h5 24. Rxa8 Rxa8 25. Ra1 Rh8 26. Qe1 h4 27. gxh4 Qxh4 {Pham Le Thao Nguyen (2348)-Svane,R (2609) chess.com INT 2025 0-1 (37)}) 13... Nf6 14. a4 Ne8 15. b5 Nd6 16. bxc6 bxc6 17. Rfc1 a5 18. Ne2 f6 19. Nf4 Qd7 20. Qc2 Rfc8 21. Nd3 Ne4 22. Nd2 Nxd2 23. Qxd2 Nf5 24. Nc5 Qf7 25. Rab1 Nd6 26. Qd3 f5 27. Rb3 Ne4 28. Qc2 h5 29. Nd3 Rc7 30. Rb6 Rac8 31. Ne5 Qf6 32. Nf3 Qe7 33. Qb2 c5 34. dxc5 Rxc5 35. Rxc5 Qxc5 36. Kh2 Qc3 37. Qb5 Rd8 38. Qe2 Qc4 39. Qb2 Qc3 40. Nd4 Qxb2 41. Rxb2 Nc3 42. Nxf5 Ra8 43. Rb7 Nxa4 44. Rxg7+ Kh8 45. Rg5 Nc3 46. Rxh5+ Kg8 47. Ne7+ Kg7 48. Nxd5 Ne4 49. f3 Nd2 50. Nc7 Ra7 51. Nb5 Ra8 52. Rd5 Nf1+ 53. Kg1 Nxe3 54. Rd7+ Kf6 55. Rd3 Nc4 56. Na3 Ne5 57. Rd4 Rc8 58. Rd5 Ra8 59. g4 Nc6 60. Kf2 Nb4 61. Rb5 Nd3+ 62. Kg3 a4 63. g5+ Kg6 64. Kg4 Nf2+ 65. Kf4 Nd3+ 66. Ke3 Ne1 67. Kf2 Nd3+ 68. Kg3 Rd8 69. Ra5 Rd4 70. Nc2 Rc4 71. Ne3 Rb4 72. Ng4 Nf4 73. Ne5+ Kh5 74. g6 Kh6 75. Ra7 Nh5+ 76. Kh2 Rh4+ 77. Kg1 Rb4 78. Rh7+ Kg5 79. g7 Nxg7 80. Rxg7+ Kf6 81. Ra7 Kxe5 82. Kh2 Kf4 83. Kh3 Rc4 84. Rf7+ Ke3 85. Kg3 a3 86. Ra7 Rc3 87. f4 Ke2+ 88. Kh4 Ke3 89. Kg5 Ke4 90. g4 Kd5 91. f5 Rg3 92. f6 Ke6 93. Re7+ Kd6 94. Re1 a2 95. Kf5 Rf3+ 96. Kg6 Re3 97. Ra1 Ra3 98. g5 Ke6 99. f7 Ke7 100. Re1+ 1-0

[Event "TechM GCL 2024"]
[Site "London ENG"]
[Date "2024.10.08"]
[Round "7.3"]
[White "Maghsoodloo, Parham"]
[Black "Mamedyarov, S."]
[Result "1-0"]
[WhiteElo "2719"]
[BlackElo "2733"]
[PlyCount "49"]
[EventDate "2024.10.03"]
[EventType "team"]
[WhiteTeam "Ganges Grandmasters"]
[BlackTeam "PBG Alaskan Knights"]

1. c4 e6 2. Nc3 d5 3. cxd5 exd5 4. d4 Be7 5. Bf4 c6 6. e3 Bf5 7. Nge2 Nd7 8. Ng3 Bg6 9. Be2 Ngf6 10. h4 h5 ({RR} 10... h6 11. h5 Bh7 12. Bd3 Bxd3 13. Qxd3 Nf8 14. Nf5 Ne6 15. Be5 O-O 16. f3 Re8 17. g4 Bf8 18. O-O-O Nd7 19. Bg3 b5 20. Kb1 a5 21. e4 b4 22. Na4 dxe4 23. fxe4 Ng5 24. Bh4 Nf6 25. Bxg5 {Maghsoodloo,P (2701)-Tabatabaei,M (2681) chess.com INT 2025 1-0 (41)}) 11. a3 ({RR} 11. Bg5 Qb6 12. Qd2 Nf8 13. f4 Qc7 14. O-O-O O-O-O 15. f5 Bh7 16. Bxf6 gxf6 17. Nxh5 Bxf5 18. Rdf1 Be6 19. g4 Ng6 20. Kb1 Rh7 21. Nf4 Nxh4 22. Bd3 Rhh8 23. Qf2 f5 24. gxf5 Nxf5 25. Rxh8 Rxh8 {Carlsen,M (2840)-Nihal,S (2716) chess.com INT 2026 1-0 (56)}) ({RR} 11. Bd3 Bxd3 12. Qxd3 Nf8 13. Nf5 Ne6 14. Be5 Bf8 15. O-O-O Nd7 16. Bg3 g6 17. Nd6+ Bxd6 18. Bxd6 Qa5 19. Kb1 Nb6 20. b3 O-O-O 21. Be5 Rhe8 22. Rc1 Nd7 23. Bg3 Nf6 24. f3 Nc7 25. Rhd1 Nd7 {Galaviz Medina,S (2514)-Antonyan,H (2215) chess.com INT 2026 1-0 (59)}) 11... Ne4 $146 ({RR} 11... a5 12. Rc1 Rc8 13. O-O Nf8 14. Be5 Rh7 15. f4 Be4 16. Bxf6 Bxf6 17. Ngxe4 dxe4 18. g3 Qe7 19. Qc2 Rh6 20. Qxe4 Qxe4 21. Nxe4 Be7 22. Kg2 Nd7 23. Bf3 Kf8 24. Rfd1 Rd6 25. Nf2 Nb6 26. Nd3 {Kostin,S (2195)-Belov,A Kaluga 1996 1-0 (41)}) 12. Nxh5 Nxc3 13. bxc3 Qa5 14. Kf1 Qxc3 15. g4 Kf8 16. Kg2 Bc2 17. Qg1 g6 18. Ng3 Rxh4 19. g5 Rxh1 20. Qxh1 Kg8 21. Bg4 Rd8 22. Bxd7 Rxd7 23. Be5 f6 24. gxf6 Bf8 25. Qh3 1-0

[Event "Quantbox Chennai GM 2025"]
[Site "Chennai IND"]
[Date "2025.08.09"]
[Round "3.3"]
[White "Vidit, S."]
[Black "Nihal, Sarin"]
[Result "1-0"]
[WhiteElo "2720"]
[BlackElo "2692"]
[PlyCount "121"]
[EventDate "2025.08.07"]

1. d4 d5 2. c4 e6 3. Nc3 Nc6 4. Nf3 a6 5. c5 ({RR} 5. e3 Nf6 6. a3 h6 7. Qc2 dxc4 8. Bxc4 Bd6 9. b3 O-O 10. Bb2 e5 11. dxe5 Nxe5 12. Nxe5 Bxe5 13. Rd1 Qe7 14. Be2 Re8 15. O-O c6 16. Nb1 Bf5 17. Qxf5 Bxb2 18. a4 Rad8 19. Qc2 Be5 {Deac,B (2655)-Nihal,S (2704) Yerevan ARM 2025 ½-½ (58)}) 5... Be7 $146 ({RR} 5... e5 6. Nxe5 Nxe5 7. dxe5 d4 8. Na4 b5 9. cxb6 cxb6 10. b3 Bf5 11. a3 b5 12. Nb2 Rc8 13. e3 Bc5 14. Bd3 Bxd3 15. Nxd3 dxe3 16. Nxc5 exf2+ 17. Kxf2 Qxd1 18. Rxd1 Rxc5 19. a4 b4 20. Bd2 {Matjushin,G (2500)-Iakymov,V (2453) Poltava 2009 1-0 (37)}) ({RR} 5... e5 6. Nxe5 Nxe5 7. dxe5 d4 8. Qa4+ Qd7 9. Qxd7+ Bxd7 10. Ne4 Bc6 11. f3 Bxe4 12. fxe4 Bxc5 13. Bf4 Ne7 14. g3 Ng6 15. h4 Nf8 16. Bh3 Ne6 17. Bxe6 fxe6 18. Rc1 Bb4+ 19. Bd2 Bxd2+ 20. Kxd2 {Aadik Theophane Lenin (2129)-Panda,S (2333) Ahmedabad IND 2026 ½-½}) 6. g3 Nf6 7. Bf4 O-O 8. Bg2 Ne4 9. h4 f6 10. Rc1 Bd7 11. a3 Be8 12. h5 Kh8 13. b4 b6 14. Qd3 Nxc3 15. Rxc3 bxc5 16. bxc5 Rb8 17. Rb3 a5 18. Qb1 Rxb3 19. Qxb3 Qc8 20. Kf1 a4 21. Qe3 Na5 22. Bh3 Bd7 23. Kg2 Nc4 24. Qd3 Be8 25. Nd2 Na5 26. Qe3 Bd7 27. Qc3 Nc6 28. Nf3 Kg8 29. Rb1 Rf7 30. Qb2 g5 31. hxg6 hxg6 32. Qc2 g5 33. Bd2 Rg7 34. Bg4 f5 35. Bh5 g4 36. Ne5 Nxe5 37. dxe5 Bc6 38. f3 d4 39. Qc4 Bd5 40. Qxd4 Qd8 41. Kf2 Qf8 42. Qxa4 Bxc5+ 43. Kg2 c6 44. Bh6 gxf3+ 45. exf3 Rxg3+ 46. Kxg3 Qxh6 47. Qh4 Bxa3 48. Rb7 Bf8 49. Bf7+ Kh8 50. Qf6+ Qxf6 51. exf6 Kh7 52. Kf4 c5 53. Ra7 Kh6 54. Ke5 Bxf3 55. Bxe6 c4 56. Bxc4 Be4 57. Be6 Kg6 58. Ra1 Bc5 59. Rf1 Kg5 60. Bxf5 Bg2 61. Rb1 1-0

[Event "Titled Tue 22nd Jul Late"]
[Site "chess.com INT"]
[Date "2025.07.22"]
[Round "11"]
[White "Bluebaum, M."]
[Black "Nakamura, Hi"]
[Result "1-0"]
[WhiteElo "2660"]
[BlackElo "2807"]
[PlyCount "61"]
[EventDate "2025.07.22"]

1. d4 d5 2. c4 e6 3. Nc3 Be7 4. cxd5 exd5 5. Bf4 c6 6. e3 Bf5 7. f3 Nd7 ({RR} 7... Bg6 8. Bd3 Nf6 9. g4 Bxd3 10. Qxd3 O-O 11. Nge2 Nbd7 12. h4 Ne8 13. h5 Bd6 14. Kf2 b5 15. Rac1 a5 16. a4 b4 17. Nb1 Rc8 18. Nd2 Bxf4 19. Nxf4 Nd6 20. b3 Re8 21. Rc2 Nb8 22. Nf1 {Mamedyarov,S (2808)-Giri,A (2782) Leuven 2018 ½-½}) 8. e4 Be6 ({RR} 8... Bg6 9. Bd3 Qb6 10. Nge2 dxe4 11. fxe4 Ngf6 12. O-O O-O 13. a3 a5 14. Kh1 Rad8) ({RR} 8... dxe4 9. fxe4 Bg6 10. Bd3 Ngf6 11. Nge2 c5 12. d5 Ng4 13. O-O Nge5 14. Bxe5 Nxe5) ({RR} 8... dxe4 9. fxe4 Bg6 10. Bd3 Ngf6 11. Nge2 c5 12. e5 Nh5 13. Bxg6 hxg6 14. Be3 O-O 15. g4 cxd4 16. Bxd4 Bh4+ 17. Kf1 Qc8 18. gxh5 Qc6 19. Kg1 Rfe8 20. Qa4 Qf3 21. Qd1 Nxe5 22. Qf1 Rad8 23. Bxe5 {Bluebaum,M (2694)-Le,Q (2731) Biel SUI 2026 0-1 (45)}) 9. Bd3 Nb6 $146 ({RR} 9... Ngf6 10. Nge2 O-O 11. O-O c5 12. e5 Ne8 13. Be3 g6 14. Rc1 Ng7 15. Nf4 Nxe5 16. dxe5 d4 17. Nxe6 Nxe6 18. Bf2 dxc3 19. bxc3 Qd5 20. Be4 Qxe5 21. Bxb7 Rad8 22. Qe1 Qf6 23. Qe4 Nf4 24. Bg3 {Bluebaum,M (2643)-Azarov,S (2596) Chess.com INT 2025 0-1 (60)}) ({RR} 9... Ngf6 10. Nge2 O-O 11. O-O c5 12. e5 Ne8 13. Be3 g6 14. Rc1 Ng7 15. Nf4 Nxe5 16. dxe5 d4 17. Nxe6 Nxe6 18. Bf2 dxc3 19. bxc3 Qd5 20. Be4 Qxe5 21. Bxb7 Rad8 22. Qe1 Qf6 23. Qe4 Nf4 24. Bg3 {Bluebaum,M (2643)-Azarov,S (2596) chess.com INT 2025 0-1 (60)}) 10. Nge2 Nf6 11. O-O O-O 12. e5 Ne8 13. b3 c5 14. Be3 Rc8 15. f4 cxd4 16. Bxd4 f6 17. Kh1 fxe5 18. fxe5 Rxf1+ 19. Qxf1 Nc7 20. Nf4 Qd7 21. Qb1 g6 22. Bxg6 hxg6 23. Qxg6+ Kh8 24. Qh6+ Kg8 25. Ng6 Rf8 26. Qh8+ Kf7 27. Nxf8 Bxf8 28. Rf1+ Bf5 29. g4 Ke8 30. gxf5 Nb5 31. Bc5 1-0

[Event "Esports World Cup LC Win"]
[Site "chess.com INT"]
[Date "2025.07.26"]
[Round "2.1"]
[White "Praggnanandhaa, R."]
[Black "Esipenko, Andrey"]
[Result "0-1"]
[WhiteElo "2779"]
[BlackElo "2679"]
[PlyCount "122"]
[EventDate "2025.07.26"]
[EventType "k.o."]

1. c4 e6 2. Nc3 d5 3. d4 Be7 4. Nf3 Nf6 5. Bg5 h6 6. Bh4 dxc4 7. e3 c5 8. dxc5 Qxd1+ 9. Rxd1 Nbd7 10. c6 bxc6 11. Bxc4 Nd5 ({RR} 11... Rb8 12. Rd2 Nd5 13. Bxe7 Kxe7 14. Ne2 N7b6 15. Bb3 c5 16. O-O Ba6 17. Rc1 Rhc8 18. Bxd5 Nxd5 19. Nc3 Nxc3 20. Rxc3 f6 21. Ra3 Rb6 22. Rc2 Rc7 23. Nd2 Rd7 24. h3 Bd3 25. Rcc3 Rxb2 26. Nb3 {Nakamura,H (2750)-So,W (2778) Chess.com INT 2022 ½-½ (57)}) ({RR} 11... Rb8 12. Rb1 Nd5 13. Bg3 Rb4 14. Nd2 Nxc3 15. bxc3 Rxb1+ 16. Nxb1 O-O 17. Kd1 Nb6 18. Be2 c5 19. Nd2 Bb7 20. Bf3 Ba6 21. Be2 Bb7 22. Bf3 Ba6 23. Be2 {½-½ (23) Laurusas,T (2500)-Keinanen,T (2517) Finland FIN 2026}) 12. Bxe7 Kxe7 13. Rc1 Rb8 $146 ({RR} 13... Bb7 14. O-O N5b6 15. Be2 c5 16. Rfd1 Rhc8 17. Nd2 a5 18. Nde4 Bxe4 19. Nxe4 a4 20. Bb5 a3 21. Bxd7 axb2 22. Bxc8 bxc1=Q 23. Rxc1 Nxc8 24. Rxc5 Rxa2 25. g3 Nd6 26. Nxd6 Kxd6 27. Rb5 Ke7 28. h4 {Kuzubov,Y (2637)-Salgado Lopez,I (2609) Terme Catez 2021 ½-½}) 14. b3 Bb7 15. O-O c5 16. Rfd1 N5b6 17. Be2 a5 18. Rd2 Rhc8 19. Bb5 c4 20. bxc4 Bxf3 21. gxf3 Ne5 22. Kg2 Nbxc4 23. Bxc4 Nxc4 24. Rd4 Nd6 25. Ne2 Rb2 26. Rxc8 Nxc8 27. Nc3 Rc2 28. Rc4 Kd7 29. Rd4+ Ke7 30. Rc4 Kd7 31. Rd4+ Ke8 32. Rc4 Nb6 33. Rc7 Na4 34. Nb5 Rxc7 35. Nxc7+ Kd7 36. Nb5 Kc6 37. Nd4+ Kc5 38. Kf1 Nc3 39. a3 a4 40. Ke1 Nb1 41. Kd1 Nxa3 42. Kc1 Nb5 43. Ne2 Kc4 44. Kc2 a3 45. Nf4 Nc3 46. Nh5 Na4 47. Kb1 Kb3 48. Nf4 Nc3+ 49. Ka1 Nd1 50. Nd3 Kc3 51. Ne5 f6 52. Nc6 Nxf2 53. Nd8 e5 54. Ne6 Kd3 55. Nxg7 Kxe3 56. Nf5+ Kxf3 57. Nxh6 Kf4 58. Ng8 f5 59. Nf6 e4 60. h4 e3 61. Nd5+ Ke4 0-1

[Event "Esports World Cup 2025"]
[Site "Riyadh KSA"]
[Date "2025.08.01"]
[Round "3.1"]
[White "Erigaisi, Arjun"]
[Black "Nakamura, Hi"]
[Result "0-1"]
[WhiteElo "2776"]
[BlackElo "2807"]
[PlyCount "92"]
[EventDate "2025.07.31"]
[EventType "k.o."]

1. d4 {RR ChessBase} d5 2. c4 e6 3. Nc3 Be7 4. cxd5 exd5 5. Bf4 c6 6. e3 Bf5 7. Nge2 Nd7 8. Ng3 Bg6 ({RR} 8... Be6 9. Nh5) 9. h3 $146 ({RR} 9. Be2 Nf8 ({RR} 9... Qb6) 10. h4 Bxh4 ({RR} 10... h6 11. h5 Bh7 12. Bd3) 11. Qb3 Bxg3 ({RR} 11... b6 12. Qa4) ({RR} 11... b5 12. Nxb5) 12. Bxg3 Qb6 13. Qa3 Ne7 ({RR} 13... Ne6 14. Bd6) 14. Na4 Qd8 15. Nc5 Qb6 16. Na4 Qd8 17. Nc5 Qb6 18. Be5 f6 19. Bh2 Bf7 20. Bd6 Nfg6 21. Bd3 Nc8 22. Bg3 a5 23. O-O Nge7 {Portisch,L (2640)-Ivkov,B (2525) Rio de Janeiro 1979 IZT [ChessBase] 1-0 (41)}) ({RR} 9. h4) ({RR} 9. Be2 Nb6 10. Be5 Nf6 11. h4 h6 12. h5 Bh7 13. Bd3 O-O 14. Bxh7+ Kxh7 15. Qc2+ Kh8 16. Nf5 Nc4 17. b3 Nxe5 18. dxe5 Ng4 19. f4 Qd7 20. O-O-O f6 21. e4 fxe5 22. Qe2 Nf6 23. Nh4 exf4 {Nakamura,H (2758)-Aronian,L (2802) London 2011 CBM 146 [RR] 1-0 (54)}) ({RR} 9. Be2 Qb6 10. Qd2 Ngf6 11. h4 h5 12. Bd3 Bxd3 13. Qxd3 g6 14. O-O-O O-O-O 15. Kb1 Nf8 16. f3 Ne6 17. Be5 Rhf8 18. Rc1 Ne8 19. e4 dxe4 20. Ngxe4 f6 21. Qc4 N8g7 22. d5 fxe5 23. dxe6 Kb8 {Bogdanovich,S (2595)-Aghasaryan,R (2524) Yerevan 2017 ½-½ (40)}) 9... Nb6 10. Nh5 Bxh5 11. Qxh5 Nf6 12. Qf3 Bb4 13. Qd1 Ne4 14. Qc2 Nf6 15. Bd3 Bd6 16. O-O-O Qe7 17. Kb1 O-O-O 18. Qb3 Kb8 19. a4 Bxf4 20. exf4 Qc7 21. a5 Nc8 22. a6 b6 23. g3 Nd6 24. Rhe1 Qd7 25. g4 h5 26. g5 Nfe8 27. Na4 Nc7 28. Rc1 Ncb5 29. Qb4 Qxh3 30. Bxb5 cxb5 31. Nc3 Qd3+ 32. Ka1 Qc4 33. Na2 Qxb4 34. Nxb4 Rde8 35. Re5 Rxe5 36. dxe5 Nf5 37. Nc6+ Ka8 38. Nb4 h4 39. Rc7 Nd4 40. Rxf7 h3 41. e6 h2 42. e7 h1=Q+ 43. Ka2 Qh5 44. Rf8+ Qe8 45. Rxe8+ Rxe8 46. Nxd5 Kb8 0-1

[Event "Titled Tue 29th Apr Early"]
[Site "chess.com INT"]
[Date "2025.04.29"]
[Round "8"]
[White "Carlsen, M."]
[Black "Bluebaum, M."]
[Result "0-1"]
[WhiteElo "2837"]
[BlackElo "2662"]
[PlyCount "76"]
[EventDate "2025.04.29"]

1. d4 d5 2. c4 e6 3. Nc3 Bb4 4. cxd5 exd5 5. Nf3 Nf6 6. Bf4 O-O 7. e3 c5 8. dxc5 Qa5 9. Rc1 ({RR} 9. Nd2 Nc6 10. Nb3 Bxc3+ 11. bxc3 Qxc3+ 12. Qd2 Qxd2+ 13. Kxd2 Ne4+ 14. Ke1 g5 15. Bc7 Be6 16. f3 Rac8 17. Bg3 Nxg3 18. hxg3 Kg7 19. Bd3 h6 20. Kd2 Ne5 21. Rhc1 Rfe8 22. Nd4 Nc4+ 23. Bxc4 dxc4 {Carlsen,M (2847)-Aronian,L (2781) chess24.com INT 2021 ½-½ (65)}) ({RR} 9. Be5 Nfd7 10. Bd4 Nc6 11. a3 Nxd4 12. Qxd4 Bxc3+ 13. Qxc3 Qxc3+ 14. bxc3 Nxc5 15. Nd4 Be6 16. f3 Rfc8 17. Kd2 Rc7 18. a4 Kf8 19. a5 Ke7 20. Be2 Bd7 21. Rhb1 Rac8 22. Ra3 h5 23. h4 g6 {Rustemov,A (2525)-Gharibyan,M (2487) chess.com INT 2026 1-0 (58)}) ({RR} 9. Be5 Nfd7 10. Bd4 Nc6 11. Be2 Nxd4 12. Qxd4 Nxc5 13. O-O Ne6 14. Qd2 Rd8 15. Rfc1 Be7 16. Rd1 Nc7 17. Nd4 Ne8 18. Bf3 Nf6 19. h3 Qb6 20. Rac1 Bd7 21. Nde2 Be6 22. Nf4 Bb4 23. a3 Bxc3 {Rustemov,A (2525)-Bluebaum,M (2660) chess.com INT 2025 1-0 (59)}) 9... Qxa2 $146 ({RR} 9... Nbd7 10. a3 Bxc3+ 11. Rxc3 Ne4 12. b4 Nxc3 13. Qa1 Qa4 14. Qxc3 a5 15. b5 Nf6 16. Bd3 Ne4 17. Bxe4 dxe4 18. Nd4 Bd7 19. c6 Rac8 20. O-O bxc6 21. b6 c5 22. b7 cxd4 23. bxc8=Q Rxc8 24. Qxd4 {Svane,F (2637)-Bluebaum,M (2647) chess.com INT 2024 0-1 (63)}) ({RR} 9... Nbd7 10. a3 Bxc3+ 11. Rxc3 Ne4 12. b4 Nxc3 13. Qa1 Qa4 14. Qxc3 a5 15. b5 Nf6 16. Bd3 Ne4 17. Bxe4 dxe4 18. Nd4 Bd7 19. c6 Rac8 20. O-O bxc6 21. b6 c5 22. b7 cxd4 23. bxc8=Q Rxc8 24. Qxd4 {Svane,F (2637)-Bluebaum,M (2647) chess.com INT 2024 0-1 (63)}) 10. Qc2 Qa5 11. Bd3 Nbd7 12. Bd6 Re8 13. O-O Nxc5 14. Nxd5 Nxd5 15. Bxh7+ Kh8 16. Ng5 Be6 17. Bxc5 Rac8 18. Nxe6 Rxe6 19. Bxb4 Rxc2 20. Bxa5 Rxc1 21. Rxc1 Kxh7 22. Kf1 Ra6 23. Rc5 Nxe3+ 24. fxe3 b6 25. Rc7 Rxa5 26. Rxf7 Ra2 27. b4 a5 28. bxa5 bxa5 29. Ra7 Kg6 30. h3 a4 31. Ra5 a3 32. h4 Kf6 33. e4 Ra1+ 34. Kf2 a2 35. h5 Kf7 36. Ra6 Ke7 37. Kg3 Re1 38. Rxa2 Rxe4 0-1

[Event "Titled Tue 3rd Sep Early"]
[Site "chess.com INT"]
[Date "2024.09.03"]
[Round "6"]
[White "Grandelius, N."]
[Black "Xiong, Jeffery"]
[Result "0-1"]
[WhiteElo "2653"]
[BlackElo "2646"]
[PlyCount "102"]
[EventDate "2024.09.03"]

1. d4 d5 2. c4 e6 3. Nc3 Nf6 4. cxd5 exd5 5. Bf4 Bd6 6. Bxd6 Qxd6 7. e3 c6 8. Bd3 Bg4 9. f3 Bh5 10. Nge2 Bg6 11. e4 dxe4 12. fxe4 Qe7 ({RR} 12... Qb4 13. O-O O-O 14. h3 Nbd7 15. a3 Qb6 16. Kh1 Rad8 17. Qc2 Rfe8 18. Rad1 Re7 19. e5 Bxd3 20. Rxd3 Nd5 21. Nxd5 cxd5 22. Nf4 Nf8 23. Rg3 Ng6 24. Nxg6 hxg6 25. Rg4 Rdd7 26. Kh2 Rc7 27. Qf2 {Grandelius,N (2639)-Pyrih,R (2393) chess.com INT 2025 1-0 (53)}) 13. Ng3 $146 ({RR} 13. e5 Ng4 14. Qd2 Na6 15. O-O Rd8 16. Bxa6 bxa6 17. Qf4 Nh6 18. Ng3 O-O 19. Rad1 f6 20. Nge4 fxe5 21. Qxe5 Rxf1+ 22. Rxf1 Qxe5 23. dxe5 Re8 24. Rd1 Rxe5 25. Rd8+ Kf7 26. Nd2 Ng4 27. Nf3 Re7 {Bluebaum,M (2661)-Cardoso Cardoso,J (2498) chess.com INT 2023 1-0 (40)}) 13... Qb4 14. Nge2 Bxe4 15. Bxe4 Nxe4 16. O-O Nd6 17. Nf4 O-O 18. Nh5 Ne8 19. Qg4 g6 20. Rae1 f5 21. Rxf5 Nd7 22. Rxf8+ Nxf8 23. Rxe8 Rxe8 24. Nf6+ Kf7 25. Nxe8 Kxe8 26. Qe2+ Kd7 27. Qd2 Ne6 28. d5 Qd4+ 29. Qxd4 Nxd4 30. Kf2 cxd5 31. Nxd5 Ke6 32. Nc3 Ke5 33. Ke3 Nc2+ 34. Kd2 Nb4 35. a3 Nd5 36. Nxd5 Kxd5 37. Kd3 g5 38. g4 a6 39. b3 b6 40. Ke3 Ke5 41. h3 h6 42. a4 a5 43. Kd3 Kf4 44. Kc4 Kg3 45. b4 Kxh3 46. bxa5 bxa5 47. Kb5 Kxg4 48. Kxa5 h5 49. Kb4 h4 50. a5 h3 51. a6 h2 0-1